000 00683nam a2200181 a 4500
001 000039554
005 20201002031712.0
008 130708s1989 dr 000 0 spa d
040 _aDO-SdBNP
_bspa
_cBNPHU
245 0 0 _aImpacto económico de las zonas francas industriales de exportación en la República Dominicana /
_cAndrés Dauhajre... [et. al.].
260 _aSanto Domingo :
_bFundación Económica y Desarrollo,
_c1989.
300 _a360 p. ;
_c24 cm.
490 1 _aFundación Económica y Desarrollo
_v5
700 1 _aRiley, Elizabeth
_965721
700 1 _aMena, Rita
_965722
700 1 _aGuerrero, José A.
_965723
830 0 _aFundación Económica y Desarrollo
_v5
_965724
999 _c39044
_d39044